00629nam a2200217 a 4500001000800000005001700008008004100025010001700066020001500083040001300098041000800111080001500119082001900134100000600153101000800159245005600167906004500223942001200268999001700280952011400297162347520171220041319.0950515s1995 mouaf 001 0 eng  a 95153374  a0801681251 aDLCcDLC aeng a611.81 NOL00a611.81 NOL2201 a7 aNEU14aThe human brain :cJohn Nolte, Jay B. Angevine, Jr. a7bcbccorignewd2encipf19gy-gencatlg 2ddccBK c39198d39198 00102udc40708PËKGa002b002cPËKGd2017-12-20l0o611.81 NOLp002-2938968r2017-12-20w2017-12-20yBK